[Event "GRE-ch U20 Girls"]
[Site "Chania"]
[Date "2018.04.15"]
[Round "8"]
[White "Giotsa, Marilena"]
[Black "Akriva, Christina"]
[Result "1-0"]
[WhiteElo "1008"]
[BlackElo "1010"]
[PlyCount "107"]
[EventDate "2018.04.10"]
[EventType "swiss"]
[EventRounds "9"]
[EventCountry "GRE"]
[SourceTitle "CBM 184 Extra"]
[Source "ChessBase"]
[SourceDate "2018.06.28"]
[SourceVersion "1"]
[SourceVersionDate "2018.06.28"]
[SourceQuality "1"]
[WhiteTeam "Greece"]
[BlackTeam "Greece"]
[WhiteTeamCountry "GRE"]
[BlackTeamCountry "GRE"]

1. e4 e5 2. Nf3 Nc6 3. Bc4 Bc5 4. d3 h6 5. c3 Nf6 6. 0-0 0-0 7. Nbd2 d6 8. Re1 Re8 9. Nf1 Bg4 10. h3 Bh5 11. Ng3 Bxf3 12. Qxf3 Ne7 13. Be3 Bb6 14. d4 Ng6 15. Qf5 Qd7 16. Qxg6 d5 17. Bxd5 Nxd5 18. Qf5 Qxf5 19. exf5 exd4 20. Bxd4 Bxd4 21. cxd4 Red8 22. a3 Nb6 23. Re7 Rac8 24. Re4 Nc4 25. Ra2 Rd5 26. b3 Nd6 27. Rf4 Nb5 28. Ne2 Rcd8 29. a4 Nxd4 30. Nxd4 Rxd4 31. Rxd4 Rxd4 32. Re2 Kf8 33. Re5 Rd1+ 34. Kh2 Rd6 35. Kg3 Rd3+ 36. Re3 Rd5 37. Kf4 Rd2 38. Kf3 Rd6 39. g4 Rf6 40. Rc3 c6 41. Re3 g6 42. Re5 gxf5 43. Rxf5 Rxf5+ 44. gxf5 a5 45. Ke4 b5 46. Kd4 Ke7 47. Kc5 bxa4 48. bxa4 Kd7 49. Kb6 Kd6 50. Kxa5 Kd5 51. Kb6 c5 52. a5 c4 53. a6 c3 54. a7 1-0